Guess this Taylor Swift song No Hint #2 - Statistiques

Statistiques générales
  • Ce quiz a été pris 160 fois
  • Le résultat moyen est 177 sur 327
Statistiques - réponses
Réponse % Correct
I
99%
a
98%
A
98%
you
98%
You
98%
the
96%
The
96%
love
93%
he
92%
we
89%
me
88%
be
85%
to
84%
where
84%
and
82%
And
82%
my
82%
My
82%
When
82%
it
80%
was
79%
on
78%
in
76%
were
76%
your
76%
So
75%
so
75%
go
73%
for
68%
For
68%
this
68%
no
67%
that
65%
of
63%
But
62%
but
62%
with
61%
I'm
60%
like
60%
one
60%
there
59%
us
59%
have
58%
all
57%
did
57%
Did
57%
not
56%
think
55%
it's
54%
long
54%
said
54%
time
54%
had
53%
Had
53%
never
53%
loved
52%
say
52%
you're
52%
how
51%
How
51%
day
50%
if
50%
back
48%
by
48%
down
48%
london
48%
saw
48%
as
46%
free
46%
cause
45%
mind
45%
much
45%
You'll
45%
find
44%
Just
44%
just
44%
someone
44%
would
44%
mad
43%
sad
41%
I'll
40%
ship
40%
about
39%
good
39%
waiting
39%
come
38%
face
38%
getting
38%
run
38%
Two
38%
at
37%
clues
37%
Every
37%
going
37%
him
37%
knew
37%
man
37%
proof
37%
up
37%
gone
36%
altar
35%
died
35%
into
35%
left
35%
Oh
35%
after
34%
color
34%
days
34%
hell
34%
right
34%
affair
33%
air
33%
I'd
33%
off
33%
place
33%
through
33%
tragedy
33%
bluest
32%
graves
32%
use
32%
wants
32%
friends
31%
house
31%
out
31%
sure
31%
abandoned
30%
from
30%
swore
30%
things
29%
breath
28%
CPR
28%
feels
28%
give
28%
gods
28%
great
28%
gun
28%
hill
28%
let
28%
moment
28%
white
28%
kept
27%
lights
27%
sacrificed
27%
scared
27%
Stitches
27%
stopped
27%
Stopped
27%
undone
27%
isn't
26%
make
26%
rarest
26%
fairy
25%
mist
25%
tight
25%
away
24%
Before
24%
carried
24%
carrying
24%
club
24%
didn't
24%
grip
24%
knuckle
24%
she's
24%
calm
23%
spine
23%
dying
22%
heard
22%
Holding
22%
low
22%
spirit
22%
each
21%
trying
21%
youth
21%
chill
20%
clothes,
20%
pissed
20%
quiet
20%
split
20%
sun
20%
Wet
20%
laugh
19%
resentment
19%
rift
19%
weight
19%
bones
18%
drifting
18%
safe
18%
Heath
17%
odd
17%
drill
16%
warm
16%
founded
15%
opt
15%
tighter
15%
Thinkin,
14%
caught
13%
Pulled
12%
self-implode
12%
weary
12%
Aucun quiz correspondant
Distribution des résultats
% des personnes avec chaque résultat
Percentile par nombre de réponses
Votre historique - résultats
Vous n’avez pas pris ce quiz